Prince of Ayodhya / (Record no. 67063)

MARC details
000 -LEADER
fixed length control field 01879nam a22002897a 4500
005 - DATE AND TIME OF LATEST TRANSACTION
control field 20120224115839.0
010 ## - LCCN (DPL NO)
LC control number B-461637-642
020 ## - INTERNATIONAL STANDARD BOOK NUMBER
International Standard Book Number 9780143033332
Terms of availability 350.00
035 ## - SYSTEM CONTROL NUMBER
System control number B-461637-642
037 ## - SOURCE OF ACQUISITION
Source of stock number/acquisition Virtuous/Ven
082 ## - DEWEY DECIMAL CLASSIFICATION NUMBER
Classification number 230.1
100 ## - MAIN ENTRY--PERSONAL NAME
Personal name Banker, Ashok K.
245 ## - TITLE STATEMENT
Title Prince of Ayodhya /
Statement of responsibility, etc by Ashok K. Banker
260 ## - PUBLICATION, DISTRIBUTION, ETC. (IMPRINT)
Place of publication, distribution, etc New Delhi
Name of publisher, distributor, etc Penguin Books
Date of publication, distribution, etc 2005
270 ## - ADDRESS
Address 11, Community Centre, panchsheel Park,
City New Delhi
Postal code 110017
300 ## - PHYSICAL DESCRIPTION
Extent xxvi, 517p
Dimensions 18 cm. (pbk)
490 ## - SERIES STATEMENT
Series statement The Ramayana
Volume number/sequential designation bk. 1
-- 48727
700 ## - ADDED ENTRY--PERSONAL NAME
9 (RLIN) 42986
942 ## - ADDED ENTRY ELEMENTS (KOHA)
Source of classification or shelving scheme Dewey Decimal Classification
Item type English Books
Call number suffix BAN
Classification part 230.1
Holdings
Withdrawn status Lost status Not for loan Collection code Home library Current library Date acquired Source of acquisition Cost, normal purchase price Full call number Barcode Copy number Cost, replacement price Koha item type
      Non-fiction Bawana Bawana 08/06/2012 Virtuous Pub/938/04.02.2012/20/16.01.2012/10.02.2012 350.00 230.1 BAN B-461641 1 350.00 English Books
  Written-off vide DLB M. No. 383 dt 16.05.19   Non-fiction Central Library Central Library 08/06/2012 Virtuous Pub/938/04.02.2012/20/16.01.2012/10.02.2012 350.00 230.1 BAN B-461637 1 350.00 English Books
      Non-fiction Janak Puri Janak Puri 08/06/2012 Virtuous Pub/938/04.02.2012/20/16.01.2012/10.02.2012 350.00 230.1 BAN B-461639 1 350.00 English Books
      Non-fiction Patel Nagar Patel Nagar 08/06/2012 Virtuous Pub/938/04.02.2012/20/16.01.2012/10.02.2012 350.00 230.1 BAN B-461638 1 350.00 English Books
      Non-fiction Sarojini Nagar Sarojini Nagar 08/06/2012 Virtuous Pub/938/04.02.2012/20/16.01.2012/10.02.2012 350.00 230.1 BAN B-461640 1 350.00 English Books
  Written-off vide DLB M. No. 383 dt 16.05.19   Non-fiction Shahdara Branch Shahdara Branch 08/06/2012 Virtuous Pub/938/04.02.2012/20/16.01.2012/10.02.2012 350.00 230.1 BAN B-461642 1 350.00 English Books

© Delhi Public Library
Hit Counter
free hit counter